000 00335nam a22001457a 4500
008 221010b ||||| |||| 00| 0 eng d
020 _a9780155188884
041 _aeng
080 _2FIFTH EDITION
_a330.101
082 _a330.101 GWA
100 _a23.1
101 _aMAKRO
245 _aMACROECONOMICS
_cGWARTNEY J
942 _2udc
_cBK
999 _c58447
_d58447